00381nam a22001577a 4500003000700000005001700007008004100024020001800065082001700083100001100100245003600111250001700147260002200164300000800186650002900194MPLRDC20220104143626.0210129b ||||| |||| 00| 0 eng d a7-5065-2040-0 a628.7 YJ v.1 a于劲 a上海: 1949大崩溃. 上卷c a一版一刷 ab解放军c1993 b平 a中华人民共和国史